[Event "Asia Nations online Cup"]
[Site "Chess.com INT"]
[Date "2020.10.18"]
[Round "8.16"]
[White "Fahmi, Amjad"]
[Black "Vickers, Josia"]
[Result "1-0"]
[WhiteElo "2000"]
[BlackElo "1837"]
[PlyCount "75"]
[EventDate "2020.10.10"]
[EventType "team-swiss (rapid)"]
[EventRounds "9"]
[EventCountry "IND"]
[SourceTitle "CBM 198 Extra"]
[Source "ChessBase"]
[SourceDate "2020.11.30"]
[SourceVersion "1"]
[SourceVersionDate "2020.11.30"]
[SourceQuality "1"]
[WhiteTeam "Yemen"]
[BlackTeam "New Zealand"]
[WhiteTeamCountry "YEM"]
[BlackTeamCountry "NZL"]

1. e4 c5 2. Nc3 d6 3. g3 g6 4. Bg2 Nc6 5. d3 Bg7 6. f4 e6 7. Nf3 Nge7 8. 0-0 0-0 9. Be3 Nd4 10. Qd2 Nec6 11. Rae1 Rb8 12. g4 b5 13. f5 b4 14. Ne2 Nxe2+ 15. Rxe2 Bxb2 16. Bh6 Bg7 17. Ref2 f6 18. Nh4 g5 19. Bxg7 Kxg7 20. Nf3 exf5 21. exf5 Ne5 22. Nxg5 fxg5 23. f6+ Kh8 24. Bd5 Bb7 25. Qxg5 Ng6 26. Bxb7 Rxb7 27. h4 Rbf7 28. h5 Ne5 29. Qh4 Rg8 30. g5 Qd7 31. Rf4 a6 32. Kh2 a5 33. g6 Rff8 34. g7+ Rxg7 35. fxg7+ Kxg7 36. Rxf8 Ng4+ 37. Kg3 Ne5 38. Qf6# 1-0

[Event "Asia Nations online Cup"]
[Site "Chess.com INT"]
[Date "2020.10.18"]
[Round "7.17"]
[White "Vickers, Josia"]
[Black "Mujahid, Bin Yazeed"]
[Result "1-0"]
[WhiteElo "1837"]
[BlackElo "1189"]
[PlyCount "111"]
[EventDate "2020.10.10"]
[EventType "team-swiss (rapid)"]
[EventRounds "9"]
[EventCountry "IND"]
[SourceTitle "CBM 198 Extra"]
[Source "ChessBase"]
[SourceDate "2020.11.30"]
[SourceVersion "1"]
[SourceVersionDate "2020.11.30"]
[SourceQuality "1"]
[WhiteTeam "New Zealand"]
[BlackTeam "Maldives"]
[WhiteTeamCountry "NZL"]
[BlackTeamCountry "MDV"]

1. e4 e5 2. Nf3 Nc6 3. Bb5 a6 4. Ba4 Nf6 5. 0-0 Be7 6. Re1 d6 7. c3 0-0 8. d4 Bg4 9. Bxc6 bxc6 10. dxe5 Bxf3 11. Qxf3 dxe5 12. Nd2 Rb8 13. Nc4 Nd7 14. Be3 c5 15. Rad1 Qc8 16. Qg4 Nf6 17. Qxc8 Rfxc8 18. Bg5 Rd8 19. Bxf6 Bxf6 20. b3 Kf8 21. Na5 Rb6 22. Nc4 Rbb8 23. g3 Ke7 24. h4 Ke6 25. Kf1 g5 26. h5 c6 27. Ke2 Rxd1 28. Rxd1 Rd8 29. Na5 Rxd1 30. Kxd1 Kd7 31. Nc4 Ke6 32. Ke2 Be7 33. a4 f6 34. Ne3 Bf8 35. Kd3 Kd7 36. Kc4 Kc7 37. a5 Kd7 38. Ng2 Be7 39. Ne1 Bd8 40. Kxc5 Bxa5 41. b4 Bc7 42. Nd3 Ke6 43. Kxc6 Bd8 44. Nc5+ Ke7 45. Nxa6 Ke6 46. b5 Ke7 47. b6 Bxb6 48. Kxb6 Kd6 49. c4 h6 50. c5+ Kd7 51. c6+ Kc8 52. Nb4 Kb8 53. Nd5 Kc8 54. c7 g4 55. Kc6 f5 56. Ne7# 1-0

[Event "Asia Nations online Cup"]
[Site "Chess.com INT"]
[Date "2020.10.16"]
[Round "6.17"]
[White "Khaleel, Shgaraf"]
[Black "Vickers, Josia"]
[Result "1-0"]
[WhiteElo "1869"]
[BlackElo "1837"]
[PlyCount "127"]
[EventDate "2020.10.10"]
[EventType "team-swiss (rapid)"]
[EventRounds "9"]
[EventCountry "IND"]
[SourceTitle "CBM 198 Extra"]
[Source "ChessBase"]
[SourceDate "2020.11.30"]
[SourceVersion "1"]
[SourceVersionDate "2020.11.30"]
[SourceQuality "1"]
[WhiteTeam "Palestine"]
[BlackTeam "New Zealand"]
[WhiteTeamCountry "PLE"]
[BlackTeamCountry "NZL"]

1. c4 Nf6 2. Nf3 e6 3. d4 b6 4. g3 Bb7 5. Bg2 Be7 6. 0-0 0-0 7. Nc3 Ne4 8. Qc2 Nxc3 9. Qxc3 c5 10. Be3 d6 11. Rfd1 Qc7 12. Rac1 Nd7 13. h4 Bf6 14. Qc2 Rfd8 15. Ng5 g6 16. Ne4 Bg7 17. Bg5 f6 18. Bf4 e5 19. dxe5 dxe5 20. Be3 Nf8 21. Rxd8 Rxd8 22. Rd1 Ne6 23. Rxd8+ Qxd8 24. Nxf6+ Qxf6 25. Bxb7 Nd4 26. Qd2 Qe7 27. Bd5+ Kh8 28. Bg5 Qf8 29. h5 h6 30. Be3 gxh5 31. Be4 Nf5 32. Bxf5 Qxf5 33. Bxh6 Qb1+ 34. Kh2 Qxa2 35. Bxg7+ Kxg7 36. Qg5+ Kf8 37. Qf6+ Kg8 38. Qg6+ Kf8 39. Qh6+ Kg8 40. Qe6+ Kf8 41. Qxe5 Qxc4 42. Qb8+ Ke7 43. Qxa7+ Kd6 44. Qxb6+ Ke5 45. Qc7+ Ke6 46. Qc8+ Kf6 47. Qh8+ Kg6 48. Qe8+ Kh6 49. Qc6+ Kg5 50. f4+ Kf5 51. e4+ Kg4 52. Qg6+ Kf3 53. Qxh5+ Kxe4 54. Qh7+ Kf3 55. Qh5+ Ke4 56. Kh3 Qf1+ 57. Kh4 Qh1+ 58. Kg5 Qg2 59. Qg6+ Ke3 60. Qe6+ Kd4 61. Qe5+ Kc4 62. Qc3+ Kd5 63. f5 Qe4 64. Qd2+ 1-0

[Event "Asia Nations online Cup"]
[Site "Chess.com INT"]
[Date "2020.10.16"]
[Round "4.14"]
[White "Vickers, Josia"]
[Black "Nadan, Avinesh"]
[Result "1-0"]
[WhiteElo "1837"]
[BlackElo "1541"]
[PlyCount "115"]
[EventDate "2020.10.10"]
[EventType "team-swiss (rapid)"]
[EventRounds "9"]
[EventCountry "IND"]
[SourceTitle "CBM 198 Extra"]
[Source "ChessBase"]
[SourceDate "2020.11.30"]
[SourceVersion "1"]
[SourceVersionDate "2020.11.30"]
[SourceQuality "1"]
[WhiteTeam "New Zealand"]
[BlackTeam "Fiji"]
[WhiteTeamCountry "NZL"]
[BlackTeamCountry "FIJ"]

1. e4 c5 2. Nf3 Nc6 3. d4 cxd4 4. Nxd4 e5 5. Nb5 d6 6. c4 a6 7. N5c3 Nf6 8. Nd2 Be7 9. Nf3 Bg4 10. Be3 Qa5 11. Qd2 Be6 12. h3 Qc7 13. Be2 Na5 14. b3 Nc6 15. 0-0 0-0 16. Rac1 Rfd8 17. Rfd1 Rab8 18. Bg5 b6 19. Bxf6 Bxf6 20. Nd5 Bxd5 21. cxd5 b5 22. Rxc6 Qa7 23. Rdc1 b4 24. R1c4 a5 25. Rc7 Rb7 26. Rxb7 Qxb7 27. Qc1 h6 28. Rc7 Qa8 29. Qc6 Qb8 30. Bb5 Kh7 31. Qb7 Kg6 32. Rxf7 Rc8 33. Qxb8 Rxb8 34. Rc7 Rxb5 35. Nd2 Rc5 36. Rxc5 dxc5 37. Nc4 a4 38. bxa4 Kf7 39. a5 Bd8 40. a6 Kg6 41. a7 Kg5 42. a8Q Bf6 43. Qe8 Kf4 44. f3 Kg5 45. Qe6 Kg6 46. Nxe5+ Kh7 47. Qf5+ Kg8 48. Nd7 c4 49. Nxf6+ gxf6 50. Qg6+ Kf8 51. Qxf6+ Ke8 52. d6 Kd7 53. Qe7+ Kc6 54. d7 c3 55. d8Q Kb5 56. Qe5+ Kc6 57. Qdd6+ Kb7 58. Qb5+ 1-0

[Event "NZL-ch op 127th"]
[Site "Tauranga"]
[Date "2020.01.21"]
[Round "8"]
[White "Vickers, Josia"]
[Black "Bennett, Hilton Petrie"]
[Result "0-1"]
[WhiteElo "1878"]
[BlackElo "1913"]
[PlyCount "78"]
[EventDate "2020.01.14"]
[EventType "swiss"]
[EventRounds "9"]
[EventCountry "NZL"]
[SourceTitle "CBM 194 Extra"]
[Source "ChessBase"]
[SourceDate "2020.03.31"]
[SourceVersion "1"]
[SourceVersionDate "2020.03.31"]
[SourceQuality "1"]

1. e4 g6 2. d4 Bg7 3. Nc3 d6 4. f4 Nf6 5. Nf3 0-0 6. Be3 Na6 7. Qd2 b6 8. 0-0-0 c5 9. e5 Ng4 10. h3 Nxe3 11. Qxe3 Bb7 12. d5 Nc7 13. h4 b5 14. Bxb5 Nxb5 15. Nxb5 Qa5 16. Nc3 Bc8 17. Nd2 Bg4 18. Rde1 Rab8 19. Nc4 Qb4 20. b3 h5 21. a3 Qb7 22. exd6 exd6 23. Nxd6 Qa6 24. Nc4 Qf6 25. Qe5 Qa6 26. Qe3 Bd4 27. Qg3 Rbe8 28. Rxe8 Rxe8 29. Re1 Rxe1+ 30. Qxe1 Qf6 31. Ne2 Bxe2 32. Qxe2 Qxf4+ 33. Kd1 Qxh4 34. d6 Qh1+ 35. Kd2 Qa1 36. Qf3 Bf6 37. Qe2 Bg5+ 38. Ne3 Qd4+ 39. Ke1 Qxe3 0-1

[Event "NZL-ch U10/20"]
[Site "Tauranga"]
[Date "2020.01.20"]
[Round "6"]
[White "Vickers, Josia"]
[Black "Xiao, Lucas"]
[Result "1-0"]
[WhiteElo "1878"]
[BlackElo "1173"]
[PlyCount "59"]
[EventDate "2020.01.15"]
[EventType "swiss"]
[EventRounds "6"]
[EventCountry "NZL"]
[SourceTitle "EXT 2023"]
[Source "ChessBase"]
[SourceDate "2022.10.05"]
[SourceVersion "1"]
[SourceVersionDate "2022.10.05"]
[SourceQuality "1"]

1. e4 e6 2. d4 d5 3. Nc3 Bb4 4. e5 c5 5. a3 Bxc3+ 6. bxc3 c4 7. Qg4 Kf8 8. a4 Nc6 9. Ba3+ Nge7 10. h4 h5 11. Qf3 Qa5 12. Ne2 Ke8 13. Kd2 Nf5 14. Qf4 Bd7 15. g3 g6 16. Bh3 Qd8 17. Rhb1 b6 18. Bxf5 gxf5 19. Qf3 Ne7 20. Nf4 Ng6 21. Nxh5 Qc8 22. Nf6+ Kd8 23. h5 Ne7 24. Bd6 Qc6 25. Rh1 Nc8 26. Bb4 a5 27. Ba3 Kc7 28. h6 Kb7 29. h7 Be8 30. Ng8 1-0

[Event "NZL-ch U10/20"]
[Site "Tauranga"]
[Date "2020.01.19"]
[Round "5"]
[White "Yuan, Jacob"]
[Black "Vickers, Josia"]
[Result "0-1"]
[WhiteElo "1269"]
[BlackElo "1878"]
[PlyCount "62"]
[EventDate "2020.01.15"]
[EventType "swiss"]
[EventRounds "6"]
[EventCountry "NZL"]
[SourceTitle "EXT 2023"]
[Source "ChessBase"]
[SourceDate "2022.10.05"]
[SourceVersion "1"]
[SourceVersionDate "2022.10.05"]
[SourceQuality "1"]

1. d4 Nf6 2. Bf4 d5 3. Nf3 c5 4. e3 Nc6 5. c3 Qb6 6. Qc2 Bf5 7. Qc1 c4 8. Nbd2 h6 9. b3 cxb3 10. Nxb3 e6 11. Be2 Ne4 12. 0-0 Bd6 13. Bxd6 Nxd6 14. Rd1 0-0 15. Bd3 Bxd3 16. Rxd3 Na5 17. Nc5 Qc7 18. Ne5 b6 19. Na6 Qb7 20. Nb4 Nac4 21. Nxc4 Nxc4 22. Rd1 Rfc8 23. Nd3 Rc7 24. Qc2 Rac8 25. Qb3 Na5 26. Qb2 Rxc3 27. Rac1 Qc7 28. h3 Rc2 29. Qb1 Qc3 30. Rxc2 Qxc2 31. Qxc2 Rxc2 0-1

[Event "NZL-ch op 127th"]
[Site "Tauranga"]
[Date "2020.01.16"]
[Round "3"]
[White "He, Caleb"]
[Black "Vickers, Josia"]
[Result "0-1"]
[WhiteElo "1626"]
[BlackElo "1878"]
[PlyCount "54"]
[EventDate "2020.01.14"]
[EventType "swiss"]
[EventRounds "9"]
[EventCountry "NZL"]
[SourceTitle "CBM 194 Extra"]
[Source "ChessBase"]
[SourceDate "2020.03.31"]
[SourceVersion "1"]
[SourceVersionDate "2020.03.31"]
[SourceQuality "1"]

1. e4 c5 2. Nf3 d6 3. d4 cxd4 4. Qxd4 Nc6 5. Bb5 Bd7 6. Bxc6 Bxc6 7. c4 Nf6 8. Nc3 e5 9. Qd3 h6 10. 0-0 Be7 11. b3 0-0 12. Bb2 a6 13. Ne1 Qb8 14. a4 b6 15. Nc2 Qb7 16. f3 Rab8 17. Nb4 Rfd8 18. Nxc6 Qxc6 19. Nd5 Nxd5 20. Qxd5 Qc5+ 21. Rf2 Qb4 22. Ra3 Bg5 23. Kf1 b5 24. axb5 axb5 25. cxb5 Rxb5 26. Qc4 Rdb8 27. Qxb4 Rxb4 0-1

[Event "NZL-ch op 127th"]
[Site "Tauranga"]
[Date "2020.01.15"]
[Round "2"]
[White "Vickers, Josia"]
[Black "Ning, Isabelle Yixuan"]
[Result "0-1"]
[WhiteElo "1878"]
[BlackElo "1662"]
[PlyCount "102"]
[EventDate "2020.01.14"]
[EventType "swiss"]
[EventRounds "9"]
[EventCountry "NZL"]
[SourceTitle "CBM 194 Extra"]
[Source "ChessBase"]
[SourceDate "2020.03.31"]
[SourceVersion "1"]
[SourceVersionDate "2020.03.31"]
[SourceQuality "1"]

1. e4 c5 2. Nf3 e6 3. d4 cxd4 4. Nxd4 a6 5. Nc3 Qc7 6. Bd3 Nf6 7. 0-0 Bc5 8. Nb3 Be7 9. f4 d6 10. Kh1 b5 11. e5 dxe5 12. fxe5 Nd5 13. Qf3 0-0 14. Nxd5 exd5 15. Qxd5 Bb7 16. Qd4 Nd7 17. Bf4 Qc6 18. Qf2 Nc5 19. Na5 Nxd3 20. cxd3 Qd7 21. Rac1 Bb4 22. Nxb7 Qxb7 23. a3 Ba5 24. Qg3 Kh8 25. b4 Bb6 26. Be3 Rac8 27. h3 Bxe3 28. Qxe3 Qd5 29. Rc5 Rxc5 30. Qxc5 Rd8 31. Rf3 Kg8 32. Qa7 Qe6 33. d4 h6 34. Rc3 Qd5 35. Rd3 Qc4 36. Qb6 Qc1+ 37. Kh2 Qf4+ 38. Kg1 Rc8 39. Rd1 Rc2 40. Qb7 Qf2+ 41. Kh1 Ra2 42. Qa8+ Kh7 43. Qe4+ Kg8 44. d5 Re2 45. Qg4 Re1+ 46. Kh2 Qg1+ 47. Kg3 Re3+ 48. Kh4 Qf2+ 49. g3 Rxe5 50. Qc8+ Kh7 51. Rc1 Qf6+ 0-1

[Event "Auckland Stuart Memorial op"]
[Site "Auckland"]
[Date "2019.08.24"]
[Round "1"]
[White "Vickers, Josia"]
[Black "Thornton, Giovanni Antonio"]
[Result "0-1"]
[WhiteElo "1837"]
[BlackElo "2053"]
[PlyCount "70"]
[EventDate "2019.08.24"]
[EventType "swiss"]
[EventRounds "5"]
[EventCountry "NZL"]
[SourceTitle "EXT 2023"]
[Source "ChessBase"]
[SourceDate "2022.10.05"]
[SourceVersion "1"]
[SourceVersionDate "2022.10.05"]
[SourceQuality "1"]

1. e4 e6 2. d3 d5 3. Nd2 Nf6 4. Ngf3 Bc5 5. e5 Nfd7 6. g3 Nc6 7. Qe2 0-0 8. c3 f6 9. d4 Be7 10. Bh3 f5 11. b4 Ncb8 12. Nb3 b6 13. Bd2 c6 14. a4 Na6 15. Bg2 Nc7 16. b5 cxb5 17. axb5 a6 18. h4 h6 19. bxa6 Bxa6 20. Qd1 Bc4 21. Bf1 Nb5 22. Rxa8 Qxa8 23. Qa1 Bxb3 24. Qxa8 Rxa8 25. Bxb5 Ra1+ 26. Ke2 Rxh1 27. Bxd7 Kf7 28. Ne1 Ba3 29. Kf3 Bc1 30. Bxc1 Rxe1 31. Ba3 Bc4 32. Bd6 Bd3 33. Bb4 Be4+ 34. Kf4 Re2 35. f3 Rf2 0-1

[Event "Waikato op"]
[Site "Hamilton"]
[Date "2018.07.29"]
[Round "6"]
[White "Vickers, Josia"]
[Black "Ang, Alphaeus Wei Ern"]
[Result "0-1"]
[WhiteElo "1573"]
[BlackElo "2204"]
[PlyCount "82"]
[EventDate "2018.07.27"]
[EventType "swiss"]
[EventRounds "6"]
[EventCountry "NZL"]
[SourceTitle "CBM 186 Extra"]
[Source "ChessBase"]
[SourceDate "2018.08.24"]
[SourceVersion "1"]
[SourceVersionDate "2018.08.24"]
[SourceQuality "1"]

1. e4 g6 2. d4 Bg7 3. Nf3 d6 4. Nc3 Nf6 5. Be2 0-0 6. h3 a6 7. a4 Nc6 8. 0-0 e5 9. dxe5 dxe5 10. Qxd8 Rxd8 11. Be3 Nd4 12. Rad1 c5 13. Rd2 Be6 14. Ng5 Nxe2+ 15. Nxe2 Rxd2 16. Bxd2 Bc4 17. Re1 h6 18. Nf3 Nxe4 19. Bc1 Rd8 20. b3 Bxe2 21. Rxe2 Rd1+ 22. Re1 Rxe1+ 23. Nxe1 Nc3 24. Be3 c4 25. Kf1 e4 26. a5 cxb3 27. cxb3 f5 28. h4 Kf7 29. Nc2 Ke6 30. b4 Kd5 31. Ke1 Kc4 32. Bc5 Kd3 33. Na3 f4 34. Bd6 g5 35. hxg5 hxg5 36. Be7 g4 37. Bd6 f3 38. gxf3 gxf3 39. Bc5 Bh6 40. Bb6 Bd2+ 41. Kf1 Bc1 0-1

[Event "Waikato op"]
[Site "Hamilton"]
[Date "2018.07.28"]
[Round "2"]
[White "Bennett, Hilton Petrie"]
[Black "Vickers, Josia"]
[Result "1/2-1/2"]
[WhiteElo "1909"]
[BlackElo "1573"]
[PlyCount "87"]
[EventDate "2018.07.27"]
[EventType "swiss"]
[EventRounds "6"]
[EventCountry "NZL"]
[SourceTitle "CBM 186 Extra"]
[Source "ChessBase"]
[SourceDate "2018.08.24"]
[SourceVersion "1"]
[SourceVersionDate "2018.08.24"]
[SourceQuality "1"]

1. e4 c5 2. Nc3 Nc6 3. f4 g6 4. Nf3 Bg7 5. Bb5 Nd4 6. Bd3 a6 7. a4 e6 8. Nxd4 Bxd4 9. Ne2 Bg7 10. c3 Ne7 11. 0-0 0-0 12. f5 Nc6 13. Bc2 d5 14. fxg6 hxg6 15. Qe1 d4 16. d3 dxc3 17. bxc3 Nb4 18. cxb4 Bxa1 19. Bh6 Bg7 20. Bxg7 Kxg7 21. Qc3+ f6 22. bxc5 e5 23. h3 Be6 24. d4 exd4 25. Nxd4 Qe7 26. Qb4 Rac8 27. Nxe6+ Qxe6 28. Qxb7+ Rf7 29. Qb4 Rfc7 30. Bb3 Qe7 31. Bd5 Qxc5+ 32. Qxc5 Rxc5 33. Bb7 R8c7 34. Bxa6 Rc1 35. Bb5 Rxf1+ 36. Kxf1 Rc2 37. Kg1 Kf7 38. h4 g5 39. hxg5 fxg5 40. Bd3 Rd2 41. Bc4+ Kf6 42. Kh2 Rd4 43. Bd5 Rxa4 44. Kg3 1/2-1/2

[Event "Waikato op"]
[Site "Hamilton"]
[Date "2018.07.28"]
[Round "3"]
[White "Vickers, Josia"]
[Black "Marko, Helmut"]
[Result "1-0"]
[WhiteElo "1573"]
[BlackElo "1911"]
[PlyCount "111"]
[EventDate "2018.07.27"]
[EventType "swiss"]
[EventRounds "6"]
[EventCountry "NZL"]
[SourceTitle "CBM 186 Extra"]
[Source "ChessBase"]
[SourceDate "2018.08.24"]
[SourceVersion "1"]
[SourceVersionDate "2018.08.24"]
[SourceQuality "1"]

1. e4 e5 2. Nf3 Nc6 3. Bb5 a6 4. Ba4 Nf6 5. 0-0 Be7 6. Re1 b5 7. Bb3 d6 8. c3 Na5 9. Bc2 Bg4 10. h3 Bh5 11. d4 exd4 12. cxd4 0-0 13. b3 c5 14. Bb2 Nc6 15. d5 Nb4 16. Nbd2 Nxc2 17. Qxc2 Nd7 18. Nh2 Bf6 19. f4 Bxb2 20. Qxb2 f6 21. Nhf3 Bf7 22. Kh1 Re8 23. Re3 Bxd5 24. Rd3 Bxe4 25. Nxe4 Rxe4 26. Rxd6 Qe8 27. Qd2 Nf8 28. Qd5+ Kh8 29. Ne5 Rd4 30. Nf7+ Qxf7 31. Qxf7 Rxd6 32. Re1 Rd7 33. Re7 Rxe7 34. Qxe7 c4 35. bxc4 bxc4 36. Qc5 h6 37. Qxc4 a5 38. a4 Re8 39. Qb5 Re1+ 40. Kh2 Re4 41. g3 g5 42. fxg5 hxg5 43. Qxa5 Re2+ 44. Kg1 Ne6 45. Qa6 Re5 46. a5 Kg7 47. Qb7+ Kg6 48. a6 Nd4 49. a7 Re1+ 50. Kf2 Ra1 51. a8Q Rxa8 52. Qxa8 Ne6 53. Qe4+ Kf7 54. h4 gxh4 55. gxh4 Ng7 56. Qh7 1-0